Química general e inorgánica /
Guardado en:
| Autor Principal: | |
|---|---|
| Formato: | Libro |
| Publicado: |
Buenos Aires :
Stella,
1971
|
| Materias: | |
| Etiquetas: |
Agregar Etiqueta
Sin Etiquetas, Sea el primero en etiquetar este registro!
|
| LEADER | 00428nam a22001575a 4500 | ||
|---|---|---|---|
| 001 | CEM.cems004115 | ||
| 005 | 20060216000000.0 | ||
| 008 | 130507s1971##################000#0#####d | ||
| 003 | CEMS | ||
| 082 | 0 | 4 | |a 540 |
| 100 | 1 | |a Mansilla Romo, Serafín | |
| 245 | 1 | 0 | |a Química general e inorgánica / |
| 260 | |a Buenos Aires : |b Stella, |c 1971 | ||
| 300 | |a 363 p. | ||
| 653 | |a Química | ||
| 859 | |a CEMS |b BIB. CEMS - 11 de abril |h 540 |i M317 |p 10993.82 |t Ej.1 | ||
